<?xml version="1.0" encoding="UTF-8"?>
<record
    xmlns:xsi="http://www.w3.org/2001/XMLSchema-instance"
    xsi:schemaLocation="http://www.loc.gov/MARC21/slim http://www.loc.gov/standards/marcxml/schema/MARC21slim.xsd"
    xmlns="http://www.loc.gov/MARC21/slim">

  <leader>00826nam a22002057a 4500</leader>
  <controlfield tag="003">LK-CoDNM</controlfield>
  <controlfield tag="005">20241126101334.0</controlfield>
  <controlfield tag="008">241126b        |||||||| |||| 00| 0 eng d</controlfield>
  <datafield tag="040" ind1=" " ind2=" ">
    <subfield code="a">LK-CoDNM</subfield>
    <subfield code="d">LK-CoDNM</subfield>
    <subfield code="e">LK-CoDNM</subfield>
  </datafield>
  <datafield tag="041" ind1=" " ind2=" ">
    <subfield code="a">sin</subfield>
  </datafield>
  <datafield tag="080" ind1=" " ind2=" ">
    <subfield code="a">&#xDB4;&#xDCA;&#x200D;&#xDBB;.&#xD9A; </subfield>
    <subfield code="b">19.b</subfield>
  </datafield>
  <datafield tag="100" ind1=" " ind2=" ">
    <subfield code="a">&#xDA2;&#xDDA;.&#xDA9;&#xDCA;&#xDB6;&#xDCA;&#xDBD;&#xDD2;&#xDC0;&#xDCA;.&#xDA0;&#xDBB;&#xDCA;&#xDBD;&#xDCA;&#xDC3;&#xDCA; &#xDAF; &#xDC3;&#xDDC;&#xDC0;&#xDD2;&#xDC3;&#xDCF;</subfield>
  </datafield>
  <datafield tag="245" ind1=" " ind2=" ">
    <subfield code="a">&#xD9A;&#xDC0;&#xDD2; &#xD9A;&#xDBD;&#xDCA;&#xDB4; &#xDAD;&#xDBB;&#xDD4;&#xDC0; 1910 &#xDB4;&#xDD9;&#xDB6;&#xDBB;&#xDC0;&#xDCF;&#xDBB;&#xDD2;</subfield>
    <subfield code="b">3&#xD9A;&#xDCF;&#xDAB;&#xDCA;&#xDA9;&#xDBA;  6&#xD85;&#xD82;&#xD9A;</subfield>
  </datafield>
  <datafield tag="260" ind1=" " ind2=" ">
    <subfield code="c">1909</subfield>
    <subfield code="a">&#xDB4;&#xDCF;&#xDB1;&#xDAF;&#xDD4;&#xDBB;</subfield>
  </datafield>
  <datafield tag="300" ind1=" " ind2=" ">
    <subfield code="a">414p. : 21 cm</subfield>
  </datafield>
  <datafield tag="650" ind1=" " ind2=" ">
    <subfield code="a">&#xDB4;&#xDCA;&#x200D;&#xDBB;.&#xD9A;19.b</subfield>
  </datafield>
  <datafield tag="650" ind1=" " ind2=" ">
    <subfield code="a">&#xD9A;&#xDC0;&#xDD2; &#xD9A;&#xDBD;&#xDCA;&#xDB4; &#xDAD;&#xDBB;&#xDD4;&#xDC0; 1910 &#xDB4;&#xDD9;&#xDB6;&#xDBB;&#xDC0;&#xDCF;&#xDBB;&#xDD2;</subfield>
  </datafield>
  <datafield tag="650" ind1=" " ind2=" ">
    <subfield code="a">&#xDA9;&#xDCA;&#xDB6;&#xDCA;&#xDBD;&#xDD2;&#xDC0;&#xDCA;.&#xDA0;&#xDCF;&#xDBD;&#xDCA;&#xDC3;&#xDCA; &#xDAF; &#xDC3;&#xDDC;&#xDC0;&#xDD2;&#xDBA;&#xDCF; / &#xDA9;&#xDD3;.&#xD87;&#xDB8;&#xDCA;.&#xD87;&#xDC3;&#xDCA;.&#xD87;&#xDC3;&#xDCA;.&#xD9A;&#xDC0;&#xDD2;&#xDBB;&#xDCF;&#xDC4;&#xDA2;</subfield>
  </datafield>
  <datafield tag="942" ind1=" " ind2=" ">
    <subfield code="c">BK</subfield>
  </datafield>
  <datafield tag="952" ind1=" " ind2=" ">
    <subfield code="0">0</subfield>
    <subfield code="1">0</subfield>
    <subfield code="4">1</subfield>
    <subfield code="7">0</subfield>
    <subfield code="8">OBC</subfield>
    <subfield code="a">MAIN</subfield>
    <subfield code="b">MAIN</subfield>
    <subfield code="c">REF</subfield>
    <subfield code="d">2024-11-26</subfield>
    <subfield code="l">0</subfield>
    <subfield code="o">&#xDB4;&#xDCA;&#x200D;&#xDBB;.&#xD9A;  19.b</subfield>
    <subfield code="p">OJP5608-7</subfield>
    <subfield code="r">2024-11-26</subfield>
    <subfield code="w">2024-11-26</subfield>
    <subfield code="y">BK</subfield>
  </datafield>
  <datafield tag="999" ind1=" " ind2=" ">
    <subfield code="c">232713</subfield>
    <subfield code="d">232713</subfield>
  </datafield>
</record>
